| 000 | 01664nam a2200241Ia 4500 | ||
|---|---|---|---|
| 008 | 260220t1972||||xx |||||||||||||| ||spa|| | ||
| 040 |
_aPY-SlUNAC _bspa _erda |
||
| 041 | _aspa | ||
| 082 |
_a747 _bD467m |
||
| 100 |
_aDuchemin, Jerome _eAutor |
||
| 245 | 0 |
_aMil ideas para decorar vivienda modernas / _cpor Jerome Duchemin [Autor] |
|
| 264 |
_aBarcelona : _bStock, _c℗1972. |
||
| 300 | _a1 volumen | ||
| 520 | _a"Mil ideas para decorar viviendas modernas" de Jérôme Duchemin es una obra que ofrece un vasto repertorio de propuestas y consejos prácticos para la decoración de espacios contemporáneos. Publicado en 1972, el libro se caracteriza por su enfoque innovador, abarcando desde la selección de colores y texturas hasta la disposición de muebles y la integración de elementos decorativos. Duchemin destaca la importancia de crear ambientes funcionales y estéticamente agradables, adaptados a las necesidades del estilo de vida moderno. Las ideas presentadas son accesibles y variadas, lo que permite a los lectores personalizar sus hogares de acuerdo con sus gustos y preferencias. Además, el autor incorpora principios de diseño que fomentan la armonía y el equilibrio en los espacios. En conjunto, esta obra se convierte en una valiosa guía para quienes buscan transformar sus viviendas en refugios contemporáneos, combinando creatividad y practicidad en la decoración del hogar. | ||
| 653 | _aDecoración | ||
| 653 | _aDiseño interior | ||
| 653 | _aVivienda | ||
| 942 |
_b2026/02/17 _cBK |
||
| 999 |
_c8874 _d8874 |
||